00465nam a2200145 a 450000100100000000500170001000800410002704000250006808200150009310000200010824500860012826000460021430000270026070000320028700003475120200930073900.0111019s1980 uy a 000 0 spa d aDO-SdBNPbspacBNPHU axxxbS468s1 aSeluja, Antonio13aEl soldado muerto y otros cuentos /cAntonio Seluja ; prólogo Alberto Paganini. aMontevideo :bEdiciones Géminis,c1980. a99 p. :bil. ;c20 cm.1 aPaganini, Alberto,epról.